LEADER 01781nas 2200613-a 450 001 996518442403316 005 20210920213022.0 011 $a2349-6673 035 $a(OCoLC)913619546 035 $a(CKB)2670000000567426 035 $a(CONSER)--2016243018 035 $a(MiFhGG)8RKY 035 $a(DE-599)ZDB2984639-0 035 $a(EXLCZ)992670000000567426 100 $a20150624a20149999 --- - 101 0 $aeng 135 $aur||||||||||| 181 $ctxt$2rdacontent 182 $cc$2rdamedia 183 $acr$2rdacarrier 200 00$aAsia-Pacific journal of oncology nursing 210 1$aMumbai :$cWolters Kluwer/Medknow Publications,$d[2014]- 215 $a1 online resource 300 $aRefereed/Peer-reviewed 311 $a2347-5625 517 1 $aAPJON 531 $aASIA PAC J ONCOL NURS 531 10$aAsia-Pac J Oncol Nurs 531 0 $aAsia-Pac. j. oncol. nurs. 606 $aCancer$xNursing$vPeriodicals 606 $aOncology$zAsia$vPeriodicals 606 $aOncology$zPacific Area$vPeriodicals 606 $aCancer$xNursing$2fast$3(OCoLC)fst00845400 606 $aOncology$2fast$3(OCoLC)fst01045739 606 $aOncology Nursing 607 $aAsia$2fast 607 $aPacific Area$2fast 607 $aAsia-Pacific 608 $aPeriodicals.$2fast 608 $aFulltext. 608 $aInternet Resources. 608 $aPeriodicals. 608 $aPeriodical. 615 0$aCancer$xNursing 615 0$aOncology 615 0$aOncology 615 7$aCancer$xNursing. 615 7$aOncology. 615 12$aOncology Nursing. 712 02$aAsia Oncology Nursing Society. 906 $aJOURNAL 912 $a996518442403316 996 $aAsia-Pacific journal of oncology nursing$92094524 997 $aUNISA LEADER 01151nam 2200409 450 001 9910158613903321 005 20230810001700.0 010 $a1-5345-2012-0 035 $a(CKB)3710000001010271 035 $a(MiAaPQ)EBC5538734 035 $a(EXLCZ)993710000001010271 100 $a20181025d2017 uy 0 101 0 $aeng 135 $aurcnu|||||||| 181 $ctxt$2rdacontent 182 $cc$2rdamedia 183 $acr$2rdacarrier 200 10$aFish /$fby Steffi Cavell-Clarke 210 1$aNew York, NY :$cKidHaven Publishing,$d[2017] 210 4$dİ2017 215 $a1 online resource (34 pages) 225 1 $aAnimal Classification 311 $a1-5345-2011-2 410 0$aAmazing science.$pAnimal classification (Picture Window Books (Firm)) 606 $aFishes$vJuvenile literature 606 $aFishes$vPictorial works$vJuvenile literature 615 0$aFishes 615 0$aFishes 676 $a591.92 700 $aCavell-Clarke$b Steffi$01378595 801 0$bMiAaPQ 801 1$bMiAaPQ 801 2$bMiAaPQ 906 $aBOOK 912 $a9910158613903321 996 $aFish$93417483 997 $aUNINA